| 000 | 00359 a2200145 4500 | ||
|---|---|---|---|
| 001 | 193215 | ||
| 020 | _a | ||
| 040 | _cMagnum | ||
| 100 | _aSousa, Eustaquia Salvadora de (Org.) | ||
| 240 | 1 | 0 |
_aMeninos, a marcha ! meninas, a sombra ! _lpor |
| 245 | 1 | 0 | _aMeninos, a marcha ! meninas, a sombra ! |
| 362 | 0 | _a1899 | |
| 697 | _aEDUCACAO FISICA | ||
| 942 | _cBK | ||
| 999 |
_c193215 _d193215 |
||